Las analectas
Сохранить в:
| Главные авторы: | , , , |
|---|---|
| Формат: | |
| Язык: | испанский |
| Опубликовано: |
Barcelona
Liberales-Labor
1975
|
| Серии: | Maldoror, 31
|
| Предметы: | |
| Метки: |
Добавить метку
Нет меток, Требуется 1-ая метка записи!
|
MARC
| LEADER | 00000nam a2200000 a 4500 | ||
|---|---|---|---|
| 001 | UCV8609 | ||
| 003 | CL-VaPUC | ||
| 008 | 911023e19750000SP |||||||||||||||||spa|d | ||
| 082 | 0 | 4 | |a 299.512 |b CON |2 21 |
| 100 | 0 | |a Confucio |e author |9 265849 | |
| 700 | 0 | |a Lun, Yu |e author |9 302642 | |
| 700 | 0 | |a Ta, Hsio |e author |9 302643 | |
| 700 | 0 | |a Chung, Yung |e author |9 302644 | |
| 245 | 1 | 4 | |a Las analectas |
| 246 | 1 | 3 | |a El gran compendio |
| 246 | 1 | 3 | |a El eje firme |
| 300 | |a 205 p | ||
| 942 | |c BK | ||
| 945 | |d 19911023 00:00:00 | ||
| 260 | |a Barcelona |b Liberales-Labor |c 1975 | ||
| 600 | 0 | 7 | |a CONFUCIO |2 CL-VaPUC |9 265849 |
| 650 | 7 | |a CONFUCIANISMO |2 CL-VaPUC |9 266931 | |
| 650 | 7 | |a FILOSOFIA CHINA |2 CL-VaPUC |9 266932 | |
| 651 | 0 | |a China |9 257545 | |
| 583 | |a last modification |c 19911023 00:00:00 |k Rodrigo Vera | ||
| 490 | 0 | |a Maldoror, 31 | |
| 999 | |c 214098 |d 214096 | ||
| 952 | |0 0 |1 0 |4 0 |6 299_512000000000000_CON_1975 |7 0 |8 P |9 197157 |a BIBARQ |b BIBARQ |d 2019-11-14 |i 2648687 |o 299.512 CON 1975 |p 2648687 |r 2025-01-20 |w 2019-11-14 |y BK |k ARQ | ||
| 952 | |0 0 |1 0 |4 0 |6 299_512000000000000_CON_1975 |7 0 |8 A |9 197158 |a BIBHIS |b BIBHIS |d 2019-11-14 |i 2648695 |o 299.512 CON 1975 |p 2648695 |r 2025-01-20 |w 2019-11-14 |y BK |k HIS | ||
| 952 | |0 0 |1 0 |4 0 |6 299_512000000000000_CON_1975 |7 0 |8 A |9 197159 |a BIBHIS |b BIBHIS |d 2019-11-14 |i 2648709 |o 299.512 CON 1975 |p 2648709 |r 2025-01-20 |w 2019-11-14 |y BK |k HIS | ||